00842nam a22002537a 4500003000900000005001700009008003200026020001600058040002200074082001700096100003100113245012600144260002800270300002700298490002200325505003900347650003300386650003200419700004500451700003900496740002500535830002200560830000600582DO-SdBNP20180126133606.0151029b 1989 sp || 00| 0 spa d a8420733113  aBPMSUbspacBPMSU a823.8bC754j1 aConrad, Joseph,d1857-19241 aJuventud ;b La linea de sombra /cJoseph Conrad ; traducción Vicente Muñoz Puelles ; ilustración José Luis Largo aMadrid :bAnaya,c1989. a227p. :bil. ;c20 cm.1 aTus libros ;v 86 aJuventud -- La línea de sombra  aCUENTOS JUVENILES INGLESES  aLITERATURA JUVENIL INGLESA 10aMuñoz Puelles, Vicente,etraducción 10aLargo, José Luis,eilustración aLa línea de sombra 0aTus libros : n86 n